Language Quiz

Random Language Quiz

IES Abroad Spring 2011 Ch Two Supplement Quiz Stats

 Plays Quiz not verified by Sporcle

Also try: Vocabulary Blitz X
Challenge
Share
Tweet
Embed
Score 0/150 Timer 15:00
0 Plays Today
English Deutsch % Correct
thereda
100%
nowjetzt
100%
tomorrowmorgen
100%
to liveleben
75%
to look, seesehen
75%
exitder Ausgang
75%
rightrechts
75%
map of the cityder Stadtplan
75%
hoteldas Hotel
75%
thendann
75%
far (from here)weit
75%
tobis
75%
single roomdas Einzelzimmer
75%
fromvon
75%
verysehr
75%
going with, concerningzu
75%
centerdas Zentrum
50%
some, a little bitbisschen
50%
oroder
50%
dialogueder Dialog
50%
foreign, unfamiliarfremd
50%
city, towndie Stadt
50%
momentder Moment
50%
straight aheadgeradeaus
50%
aboutungefaehr
50%
herehier
50%
alsoauch
50%
pamphlet for cultural eventsdas Kulturprogramm
50%
tourist ticketdas Touristen-Ticket
50%
to give, to be availablegeben
50%
there is/there arees gibt
50%
train stationder Bahnhof
50%
streetdie Strasse
50%
longlange
50%
easyeinfach
50%
directiondie Richtung
50%
leftlinks
50%
theaterdas Theater
50%
to continue onweitergehen
50%
onlynur
50%
one (being)man
50%
at theam
50%
yes, rightrichtig
50%
roomdas Zimmer
50%
operadie Oper
50%
largegross
50%
parkder Park
50%
concertdas Konzert
50%
plander Plan
50%
muchviel
50%
English Deutsch % Correct
hourdie Stunde
50%
photographdas Foto
50%
lifedas Leben
50%
danceder Tanz
50%
songdas Lied
50%
to know, to be familiar withwissen
50%
first nameder Vorname
25%
familydie Familie
25%
worddas Wort
25%
sentenceder Satz
25%
excuse meEntschuldigung
25%
justmal
25%
meterder Meter
25%
city brochureder Stadtprospekt
25%
ticketdas Ticket
25%
way, routeder Weg
25%
square, plazader Platz
25%
there, thatdort
25%
minutedie Minute
25%
ohach
25%
to signunterschreiben
25%
datedas Datum
25%
signaturedie Unterschrift
25%
onauf
25%
music/dance theaterdas Musik-Theater
25%
halldie Halle
25%
sportder Sport
25%
museumdas Museum
25%
sculpturedie Skulptur
25%
oldalt
25%
togetherzusammen
25%
to visitbesuchen
25%
timedie Zeit
25%
old towndie Altstadt
25%
to thezum
25%
film, movieder Film
25%
to ask for, requestbitten
25%
northder Norden
0%
Cartoon Characterdie Comicfigur
0%
telephonedas Telefon
0%
Vocabularyder Wortschatz
0%
to discussdiskutieren
0%
to markmarkieren
0%
to matchzuordnen
0%
pronounciationdie Aussprache
0%
grammardie Grammatik
0%
to comparevergleichen
0%
drawing; illustration; picturedas Bild
0%
arrivaldie Ankunft
0%
to inform about, to find out aboutinformieren
0%
English Deutsch % Correct
womandei Frau
0%
tourist informationdie Touristeninformation
0%
unfortunatelyleider
0%
avenuedie Allee
0%
veryganz
0%
to register (oneself)anmelden
0%
to change aroundvariieren
0%
beginningder Anfang
0%
to be correctstimmen
0%
keyder Schuessel
0%
guestder Gat
0%
companydie Firma
0%
to explainbeschreiben
0%
place, locationder Ort
0%
certainly, with pleasuregerne
0%
to exchangeaustauschen
0%
to be interestedinteressieren
0%
to collectsammeln
0%
balletdas Ballett
0%
to build, constructenbauen
0%
city parkder Stadtgarten
0%
southder Sueden
0%
exhibitiondie Ausstellung
0%
graphic artsdie Grafik
0%
centurydas Jahrhundert
0%
photographydie Fotografie
0%
collectiondie Sammlung
0%
synagogue, templedie Synagoge
0%
to destroyzerstoeren
0%
girlfrienddie Freundin
0%
leaflet, brochureder Prospekt
0%
first, at firstzuerst
0%
cathedraldas Muenster
0%
well-knownbekannt
0%
by oneself, single-handedallein
0%
great, wonderful, terrifictoll
0%
in the eveningabends
0%
theme, topicdas Thema
0%
beach volleyballder Beach-Volleyball
0%
top sportder Spitzensport
0%
directlydirekt
0%
world-renownedder Welterfolg
0%
meeting placeder Treffpunkt
0%
celebrationdie Feier
0%
festivaldas Fest
0%
specialitydie Spezialitaet
0%
earthdie Erde
0%
repetitiondie Wiederholung
0%
to spellbuchstabieren
0%
for sure, certainly, surelydoch
0%

You're not logged in!

Compare scores with friends on all Sporcle quizzes.
Join for Free
OR
Log In

You Might Also Like...

Show Comments

Extras

Created Jan 25, 2011ReportNominate
Tags:2011, abroad, deutsch, English, ies, spring

Top Quizzes Today


Score Distribution

Your Account Isn't Verified!

In order to create a playlist on Sporcle, you need to verify the email address you used during registration. Go to your Sporcle Settings to finish the process.

Report this User

Report this user for behavior that violates our Community Guidelines.

Details: